Guess the Music Artist from the First Letter - Statistics

General Stats
  • This quiz has been taken 34 times
  • The average score is 7 of 20
Answer Stats
Picture Answer % Correct
Queen
100%
KISS
93%
AC/DC
89%
Nirvana
89%
The Doors
63%
Foo Fighters
56%
Aerosmith
41%
Chicago
41%
Led Zeppelin
30%
Rush
22%
Asia
15%
Coldplay
15%
Soundgarden
15%
Daft Punk
11%
Suicidal Tendencies
7%
Darude
4%
My Chemical Romance
4%
Obituary
4%
The Prodigy
4%
Zedd
4%
No matching quizzes found
Score Distribution
Percent of People with Each Score
Percentile by Number Answered
Your Score History
You have not taken this quiz